Bölgeiçi zorunlu göçten kaynaklanan toplumsal sorunların Diyarbakır kenti ölçeğinde araştırılması (Record no. 9856)

MARC details
000 -BAŞLIK
Sabit Uzunlukta Kontrol Alanı 00807na a2200253 4500
001 - KONTROL NUMARASI
Denetim Alanı 23691
003 - KONTROL NUMARASI IDENTIFIER
Denetim Alanı MIRAKIL
005 - SON İŞLEM TARİHİ VE ZAMANI
Denetim Alanı 20181213155258.0
008 - SABİT-BOY VERİ ELEMANLARI - GENEL BİLGİLER
Sabit Uzunlukta Kontrol Alanı 171205b tu 000 0
020 ## - ULUSLARARASI STANDART KİTAP NUMARASI
Uluslararası Standart Kitap Numarası 9753951884
035 ## - SİSTEM KONTROL NUMARASI
Sistem Kontrol Numarası 13874
040 ## - KATALOGLAMA KAYNAK
Orijinal Kataloglama Ajansı Milas
Kataloglama Dili tur
Metne Dönüştürmek Ajansı TR-AnCHP
041 ## - DİL KODU
Metin / Ses Parça Veya Ayrı Başlığın Dil Kodu tur
082 ## - DEWEY ONLU SINIFLANDIRMA NUMARASI
Sınıflandırma Numarası 307.240956675
Ürün Numarası B74 1996
090 ## - SINIFLAMA NUMARASI
Sınıflama Numarası 307.240956675 B74 1996
245 ## - BAŞLIK TABLOSU
Başlık Bölgeiçi zorunlu göçten kaynaklanan toplumsal sorunların Diyarbakır kenti ölçeğinde araştırılması
Sorumluluk Tablosu, Vb Türk Mühendis Ve Mimar Odaları Birliği
260 ## - YAYIN, DAĞITIM, VB
Yayın, Dağıtım, Vb Yeri Ankara
Yayıncı, Dağıtıcı, Vs Adı TMMOB
Yayın, Dağıtım, Vb Tarihi 1996
300 ## - FİZİKSEL TANIM
Kapsam 150 s.
Diğer Fiziksel Ayrıntıları tbl.
Boyutlar 30 sm.
650 ## - KONU KATMA GİRİŞ - TOPİKAL DÖNEM
Topikal Süreli Veya Coğrafi Ad Giriş Elemanı Göç sorunları
650 ## - KONU KATMA GİRİŞ - TOPİKAL DÖNEM
Topikal Süreli Veya Coğrafi Ad Giriş Elemanı İç göç
Coğrafi Alt Bölümü Diyarbakır (Türkiye)
650 ## - KONU KATMA GİRİŞ - TOPİKAL DÖNEM
Topikal Süreli Veya Coğrafi Ad Giriş Elemanı İç göç
Coğrafi Alt Bölümü Türkiye
710 ## - KATMA GİRİŞ - KURUMSAL ADI
Giriş Elemanı Olarak Kurumsal Ad Veya Yargı Alanı Adı Türk Mühendis Ve Mimar Odaları Birliği
942 ## - EKLENDİ GİRİŞ ELEMANLARI (KOHA)
Sınıflandırma Veya Raf Düzeni Kaynak Dewey Decimal Classification
Koha Öğesi Türü Books
999 ## - SİSTEM KONTROL NUMARALARI (KOHA)
Koha Biblionumber 9856
Koha Biblioitemnumber 9856
Holdings
Kalıcı Konum Mevcut Konum Edinme Tarihi Edinim Kaynak Toplam Check-Out'Lar Tam Çağrı Numarası Barkod Tarih Son Görülme İtibaren Geçerli Fiyatlar Koha Öğesi Türü
CHP Kütüphanesi CHP Kütüphanesi 12/05/2017 Bağış   307.240956675 B74 1996 017685 12/05/2017 12/05/2017 Books